<?xml version="1.0" encoding="UTF-8"?>
<record
    xmlns:xsi="http://www.w3.org/2001/XMLSchema-instance"
    xsi:schemaLocation="http://www.loc.gov/MARC21/slim http://www.loc.gov/standards/marcxml/schema/MARC21slim.xsd"
    xmlns="http://www.loc.gov/MARC21/slim">

  <leader>01855cam a22002533a 4500</leader>
  <controlfield tag="001">30635</controlfield>
  <controlfield tag="003">PGUSA</controlfield>
  <controlfield tag="005">20140828083649.0</controlfield>
  <controlfield tag="008">091209s2009||||xxu|||||s|||||000 | eng d</controlfield>
  <datafield tag="040" ind1=" " ind2=" ">
    <subfield code="a">PGUSA</subfield>
    <subfield code="b">eng</subfield>
  </datafield>
  <datafield tag="042" ind1=" " ind2=" ">
    <subfield code="a">dc</subfield>
  </datafield>
  <datafield tag="050" ind1=" " ind2="4">
    <subfield code="a">PZ</subfield>
  </datafield>
  <datafield tag="100" ind1="1" ind2=" ">
    <subfield code="a">Crooke, William,</subfield>
    <subfield code="d">1848-1923</subfield>
  </datafield>
  <datafield tag="245" ind1="1" ind2="4">
    <subfield code="a">The Talking Thrush, and Other Tales from India</subfield>
    <subfield code="h">[electronic resource] /</subfield>
    <subfield code="c">William Crooke</subfield>
  </datafield>
  <datafield tag="260" ind1=" " ind2=" ">
    <subfield code="b">Project Gutenberg,</subfield>
    <subfield code="c">2009</subfield>
  </datafield>
  <datafield tag="505" ind1="0" ind2=" ">
    <subfield code="a">The talking thrush -- The rabbit and the monkey -- The sparrow's revenge -- The judgment of the jackal -- How the mouse got into his hole -- King Solomon and the owl -- The camel's neck -- The quail and the fowler -- The king of the kites -- The jackal and the camel -- The old shepherd -- Beware of bad company -- The foolish wolf -- Reflected glory -- The cat and the sparrows -- The foolish fish -- The clever goat -- A crow is a crow for ever -- The grateful goat -- The cunning jackal; or, the biter bit -- The farmer's ass -- The parrot judge -- The frog and the snake -- Little Miss Mouse and her friends -- The jackal that lost his tail -- The wily tortoise -- The king of the mice -- The valiant blackbird -- The goat and the hog -- The parrot and the parson -- The lion and the hare -- The monkey's bargains -- The monkey's rebuke -- The bull and the bullfinch -- The swan and the crow -- Pride shall have a fall -- The kid and the tiger -- The stag, the crow and the jackal -- The monkey and the crows -- The swan and the paddy-bird -- What is a man? -- The wound and the scar -- The cat and the parrot -- Notes.</subfield>
  </datafield>
  <datafield tag="506" ind1=" " ind2=" ">
    <subfield code="a">Public domain in the USA.</subfield>
  </datafield>
  <datafield tag="516" ind1=" " ind2=" ">
    <subfield code="a">Electronic text</subfield>
  </datafield>
  <datafield tag="653" ind1=" " ind2=" ">
    <subfield code="a">Folklore -- India</subfield>
  </datafield>
  <datafield tag="700" ind1="1" ind2=" ">
    <subfield code="a">Robinson, W. Heath</subfield>
    <subfield code="q">(William Heath),</subfield>
    <subfield code="d">1872-1944</subfield>
  </datafield>
  <datafield tag="830" ind1=" " ind2="0">
    <subfield code="a">Project Gutenberg</subfield>
    <subfield code="v">30635</subfield>
  </datafield>
  <datafield tag="856" ind1="4" ind2="0">
    <subfield code="u">http://www.gutenberg.org/ebooks/30635</subfield>
  </datafield>
  <datafield tag="942" ind1=" " ind2=" ">
    <subfield code="c">EB</subfield>
  </datafield>
  <datafield tag="999" ind1=" " ind2=" ">
    <subfield code="c">259890</subfield>
    <subfield code="d">259890</subfield>
  </datafield>
  <datafield tag="952" ind1=" " ind2=" ">
    <subfield code="0">0</subfield>
    <subfield code="1">0</subfield>
    <subfield code="4">0</subfield>
    <subfield code="a">GTB</subfield>
    <subfield code="b">GTB</subfield>
    <subfield code="d">2014-08-28</subfield>
    <subfield code="l">0</subfield>
    <subfield code="r">2014-08-28 00:00:00</subfield>
    <subfield code="w">2014-08-28</subfield>
    <subfield code="y">EB</subfield>
  </datafield>
</record>
